书目信息 |
| 题名: |
心理操纵术大全集
|
|
| 作者: | 于海娣 , 春之霖 编著 | |
| 分册: | 3 | |
| 出版信息: | 北京 中国华侨出版社 2011.01 |
|
| 页数: | 397-602页 | |
| 开本: | 25cm | |
| 丛书名: | ||
| 单 册: | ||
| 中图分类: | B84-49 | |
| 科图分类: | ||
| 主题词: | 心理学--通俗读物 , 心理学 | |
| 电子资源: | ||
| ISBN: | 978-7-5113-1096-5 | |
| 000 | 00941nam0 2200241 450 | |
| 001 | 005221898 | |
| 005 | 20111229100606.57 | |
| 010 | @a978-7-5113-1096-5@dCNY74.00 | |
| 100 | @a20110422d2011 em y0chiy50 ea | |
| 101 | 0 | @achi |
| 102 | @aCN@b110000 | |
| 105 | @ay z 000yy | |
| 200 | 1 | @a心理操纵术大全集@9xin li cao zong shu da quan ji@h3@f春之霖,于海娣编著 |
| 210 | @a北京@c中国华侨出版社@d2011.01 | |
| 215 | @a397-602页@d25cm | |
| 330 | @a本书分为“心理操纵术”、“心理博弈术”、“心理洞察术”和“催眠术——一种神奇的心理操纵术”四篇,介绍了心理操纵术相关知识。主要内容包括:让对方开始喜欢你的心理操纵术、磁铁般吸引别人的心理操纵术、打开对方心扉的心理操纵术、获取对方信任的心理操纵术等。 | |
| 606 | 0 | @a心理学@j通俗读物 |
| 606 | 0 | @a心理学 |
| 690 | @aB84-49@v4 | |
| 701 | 0 | @a于海娣@9yu hai di@c(图书出版)@4编著 |
| 701 | 0 | @a春之霖@9chun zhi lin@4编著 |
| 801 | 0 | @c20111229 |
| 905 | @a郑州市财税学校图书馆@dB84-49@eC932:3@f3 | |
| 心理操纵术大全集.3/春之霖,于海娣编著.-北京:中国华侨出版社,2011.01 |
| 397-602页;25cm |
| ISBN 978-7-5113-1096-5:CNY74.00 |
| 本书分为“心理操纵术”、“心理博弈术”、“心理洞察术”和“催眠术——一种神奇的心理操纵术”四篇,介绍了心理操纵术相关知识。主要内容包括:让对方开始喜欢你的心理操纵术、磁铁般吸引别人的心理操纵术、打开对方心扉的心理操纵术、获取对方信任的心理操纵术等。 |
| ● |
| 相关链接 |
|
|
|
正题名:心理操纵术大全集
索取号:B84-49/C932:3
 
预约/预借
| 序号 | 登录号 | 条形码 | 馆藏地/架位号 | 状态 | 备注 |
| 1 | 1186705 | 211867050 | 社科库509/509社科库 35排1列4层/ [索取号:B84-49/C932:3] | 在馆 | |
| 2 | 1186706 | 211867069 | 社科库509/509社科库 35排1列4层/ [索取号:B84-49/C932:3] | 在馆 | |
| 3 | 1186707 | 211867078 | 社科库509/509社科库 35排1列4层/ [索取号:B84-49/C932:3] | 在馆 |